000 00197 a2200097 4500
020 _a9781454925187
041 _aeng
100 _aClive Gifferd
245 _aAround the world in Numbers
942 _cK
999 _c31334
_d31332